000 00350nam a2200133Ia 4500
003 GCL
008 140319s9999 xx 000 0 ara d
040 _aGCL /
_cGCL
082 0 4 _a953.0714
_bم س
245 1 0 _aسقوط دولة الموحدين
260 _a[S.N] :
_bمنشورات جامعة بنغازى ،
_c1975
300 _a302 ص
490 _a
999 _c35523
_d35523